000 00784nam a22001817a 4500
999 _c63919
_d63919
003 Ge_BSU
005 20260219135419.0
008 260219s1955 ge ||||| |||| 00| 0 geo d
041 _ageo
080 _a657.1:631.115.6 მ-24
100 _aმამისაშვილი, ლ.
_926925
245 _aსაკოლმეურნეო ბუღალტერია /
_cლ. მამისაშვილი.
250 _aმე-2 შევს. და გადამუშ. გამოცემა
264 _aთბ. :
_bსახელგამი,
_c1955.
300 _a544გ ვ. :
_b1 ფ. ცხრ. ;
_c26 სმ.
653 _aსაბუღალტრო აღრიცხვა კოლმეურნეობებში
942 _2udc
_cᲬᲘᲒᲜᲘ